| 000 | 01961nam a2200313 i 4500 | ||
|---|---|---|---|
| 001 | 000029805 | ||
| 003 | DO-SdBNP | ||
| 005 | 20241028100654.0 | ||
| 007 | ta | ||
| 008 | 110426s2010 dr a 000 0 spa d | ||
| 020 | _a9789945074109 | ||
| 040 |
_aDO-SdBNP _bspa _cBNPHU _erda |
||
| 082 |
_a972.93 _bH673 _222 |
||
| 100 |
_aSención Villalona, Augusto _eautor _956558 |
||
| 245 | 1 | 0 |
_aHistoria dominicana : _bdesde los aborígenes hasta la guerra de abril / _cadaptación versión popular Augusto Sención Villalona ; cuidado de edición Juana Haché ; ilustración José Mercader. |
| 264 |
_aSanto Domingo : _bArchivo General de la Nación, _c2010. |
||
| 300 |
_a241 páginas : _bilustraciones ; _c28 cm. |
||
| 336 |
_ardacontent _btexto _2txt |
||
| 337 |
_ardamedia _bsin mediación _2n |
||
| 338 |
_ardacarrier _bvolumen _2nc |
||
| 490 | 1 |
_aArchivo General de la Nación _v118 |
|
| 505 | _aLa población aborigen 11|Cristóbal Colón y la conquista española 19|La Encomienda y la colonización 31|Decadencia de la encomienda y tránsito a la agricultura 39|Predominio de la industria azucarera 51|La depresión prolongada del siglo XVII 67|La recuperación del siglo XVIII 83|Crisis del sistema colonial 95|La Ocupación Haitiana y la Independencia Nacional 111|La economía a mediados del siglo XIX 125|El proceso político entre 1844 y 1861 137|La Guerra de la Restauración, 1863-1865 149|Nacionalismo, anexionismo y caudillismo 159|El desarrollo de la economía exportadora y de las relaciones capitalistas 167|20 años de gobiernos del Partido Azul 179|Retorno al caudillismo y protectorado norteamericano 187|La ocupación militar de Estados Unidos 195|La dictadura de Trujillo 207|Proceso político entre 1961 y 1965 227 | ||
| 590 | _aInventariado, 2024/DG | ||
| 650 | 4 |
_aRepública Dominicana _xHistoria _9416 |
|
| 700 | 1 |
_aHaché, Juana, _eedición _956559 |
|
| 700 | 1 |
_aMercader, José, _eilustrador _956560 |
|
| 910 | _aDG | ||
| 942 |
_2ddc _cLBS1 |
||
| 999 |
_c29297 _d29297 |
||